Dealing with the debt crisis /

Saved in:
Bibliographic Details
Other Authors: Husain, Ishrat, 1941-, Diwan, Ishac
Format: Book
Language:English
Published: Washington, D.C. : World Bank, [1989], ©1989.
Series:World Bank symposium.
Subjects:

MARC

LEADER 00000cam a2200000 a 4500
001 001035813
005 20260603211912.1
008 890505t19891989dcua b i000 0 eng
010 |a 89009148 
020 |a 0821312464 
035 |a (OCoLC)19740076 
035 9 |a AET7933^^^^^ 
035 |a (ndu)001035813 
040 |a DLC  |c DLC  |d IND  |d UtOrBLW 
043 |a d------  |0 http://id.loc.gov/vocabulary/geographicAreas/d 
049 |a INDU 
050 0 0 |a HJ8899  |b .D385 1989 
082 0 0 |a 336.3/435/091724  |2 20 
245 0 0 |a Dealing with the debt crisis /  |c edited by Ishrat Husain, Ishac Diwan. 
260 |a Washington, D.C. :  |b World Bank,  |c [1989], ©1989. 
300 |a xiv, 308 pages :  |b illustrations ;  |c 28 cm. 
336 |a text  |b txt  |2 rdacontent  |0 http://rdaregistry.info/termList/RDAContentType/1020 
337 |a unmediated  |b n  |2 rdamedia  |0 http://rdaregistry.info/termList/RDAMediaType/1007 
338 |a volume  |b nc  |2 rdacarrier  |0 http://rdaregistry.info/termList/RDACarrierType/1049 
340 |p illustration  |2 rdaill  |0 http://rdaregistry.info/termList/IllusContent/1014 
490 1 |a World Bank symposium 
504 |a Includes bibliographical references. 
650 0 |a Debts, External  |z Developing countries.  |0 http://id.loc.gov/authorities/subjects/sh2008102078 
650 0 |a Debt relief  |z Developing countries.  |0 http://id.loc.gov/authorities/subjects/sh2008102079 
650 7 |a Debts, External.  |2 fast  |0 (OCoLC)fst00888828 
650 7 |a Debt relief.  |2 fast  |0 (OCoLC)fst00888793 
651 7 |a Developing countries.  |2 fast  |0 (OCoLC)fst01242969 
700 1 |a Husain, Ishrat,  |d 1941-  |0 http://id.loc.gov/authorities/names/n88037623 
700 1 |a Diwan, Ishac.  |0 http://id.loc.gov/authorities/names/n87145945 
830 0 |a World Bank symposium.  |0 http://id.loc.gov/authorities/names/n83720328 
902 |a MARS 
999 f f |i 2b45c684-6256-5779-8a38-c1158476379a  |s f4054951-8e5b-4cd2-b97a-527fa0b27969  |t 0 
952 f f |p Circulating  |a University of Notre Dame  |b University of Notre Dame  |c Annex  |s Annex  |d Annex  |t 0  |e HJ 8899 .D385 1989  |h Library of Congress classification  |i Book  |m 00000027488519